[Event "SenSommer"]
[Site ""]
[Date "2012.08.16"]
[Round "1"]
[White "Olsen, Michael Richard W"]
[Black "Srensen, Dick"]
[Result "1-0"]
[WhiteElo "1847"]
[BlackElo "1959"]
[PlyCount "97"]
[EventDate "2012.08.16"]
[EventRounds "1"]
[SourceDate "2012.08.19"]

1. e4 c5 2. Nf3 e6 3. d4 cxd4 4. Nxd4 a6 5. g3 Nc6 6. Bg2 Nf6 7. Nc3 Qc7 8. O-O
d6 9. Be3 Be7 10. Qe2 O-O 11. Rad1 Nxd4 12. Rxd4 e5 13. Rd2 Be6 14. Rfd1 Rad8
15. h3 b5 16. a3 Rfe8 17. f4 Bf8 18. f5 Bc4 19. Qf2 Rd7 20. g4 Rb8 21. g5 Ne8
22. Nd5 Bxd5 23. exd5 b4 24. a4 b3 25. c3 Qa5 26. Qh4 Rc8 27. Qe4 Be7 28. f6
Bd8 29. fxg7 Bb6 30. Bxb6 Qxb6+ 31. Rf2 Nxg7 32. Bf1 Rf8 33. Kg2 Qd8 34. Rf6
Ne6 35. dxe6 fxe6 36. Rxf8+ Qxf8 37. Bxa6 Rg7 38. h4 h6 39. Rf1 Qb8 40. Bd3 d5
41. Qg4 Qe8 42. Rf6 hxg5 43. h5 e4 44. Bb5 Qe7 45. Qxe6+ Qxe6 46. Rxe6 Rc7 47.
Bc6 Kf7 48. Bxd5 Rd7 49. Rd6+ 1-0

[Event "SenSommer"]
[Site ""]
[Date "2012.08.16"]
[Round "1"]
[White "Andersen, Niels Erik"]
[Black "Jensen, Sren Holm"]
[Result "1/2-1/2"]
[WhiteElo "1928"]
[BlackElo "1923"]
[PlyCount "41"]
[EventDate "2012.08.16"]
[EventRounds "1"]
[SourceDate "2012.08.19"]

1. d4 d5 2. c4 e6 3. Nc3 Be7 4. Bf4 Nf6 5. e3 O-O 6. Nf3 c5 7. cxd5 Nxd5 8.
Nxd5 exd5 9. Bd3 Nc6 10. O-O cxd4 11. Nxd4 Nxd4 12. exd4 Be6 13. Rc1 Rc8 14.
Qh5 g6 15. Qe2 a6 16. Rxc8 Qxc8 17. Rc1 Qa8 18. Rc7 Bd8 19. Rc2 Be7 20. Rc7 Bd8
21. Rc2 1/2-1/2

[Event "SenSommer"]
[Site ""]
[Date "2012.08.04"]
[Round "1"]
[White "Kirknel, Thomas"]
[Black "Tandrup, Michael"]
[Result "0-1"]
[WhiteElo "2139"]
[BlackElo "1929"]
[PlyCount "120"]
[EventDate "2012.08.16"]
[EventRounds "1"]
[SourceDate "2012.08.19"]

1. e4 c5 2. Nf3 e6 3. d4 cxd4 4. Nxd4 a6 5. Bd3 g6 6. O-O Bg7 7. Be3 Ne7 8. c4
O-O 9. Nc3 d5 10. exd5 exd5 11. c5 Nbc6 12. Be2 Be6 13. Qd2 Qc7 14. Rac1 Qd8
15. Na4 Bxd4 16. Bxd4 Nf5 17. Be3 Qh4 18. Bf4 Nfd4 19. Bd3 h6 20. Nb6 Bf5 21.
Bg3 Qh5 22. Bxf5 Ne2+ 23. Kh1 Nxc1 24. Rxc1 Qxf5 25. Nxa8 Rxa8 26. Qxh6 Re8 27.
Qd2 Qe4 28. f3 Qe2 29. Rd1 Qb5 30. Bd6 Qe2 31. Kg1 d4 32. b3 Re3 33. Bf4 Re8
34. Qxe2 Rxe2 35. Rd2 Rxd2 36. Bxd2 f5 37. g4 Ne5 38. Kg2 fxg4 39. f4 Nf3 40.
Ba5 d3 41. Kf2 Nxh2 42. c6 bxc6 43. Ke3 g3 44. Kxd3 g2 45. Bb6 Nf3 46. Ke4 g1=Q
47. Bxg1 Nxg1 48. Ke5 Nf3+ 49. Kd6 Nd4 50. Kc5 Ne6+ 51. Kxc6 Nxf4 52. b4 g5 53.
a4 Ne6 54. b5 Nd4+ 55. Kb6 Nxb5 56. Kxa6 Nd4 57. Kb6 Nb3 58. Kb5 g4 59. Kb4 g3
60. Kxb3 g2 0-1

[Event "SenSommer"]
[Site ""]
[Date "2012.08.16"]
[Round "1"]
[White "Willerup, Martin Kisby"]
[Black "Kjr, Jakob"]
[Result "1/2-1/2"]
[WhiteElo "1985"]
[BlackElo "1847"]
[PlyCount "83"]
[EventDate "2012.08.16"]
[EventRounds "1"]
[SourceDate "2012.08.19"]

1. d4 d5 2. c4 c6 3. cxd5 cxd5 4. Nc3 e6 5. Bf4 Bd6 6. Bxd6 Qxd6 7. Nf3 a6 8.
e3 Ne7 9. Be2 O-O 10. O-O b5 11. Rc1 Bb7 12. Ne5 Nd7 13. Nxd7 Qxd7 14. b4 Nc8
15. a4 Nd6 16. a5 Rac8 17. Na2 Nc4 18. Rc3 Nb2 19. Qb3 Rxc3 20. Qxc3 Nc4 21.
Nc1 Qe7 22. Nd3 f5 23. Bf3 Rf6 24. Ne5 Rf8 25. Nd3 Rf6 26. Nc5 Bc8 27. Be2 Rh6
28. g3 g5 29. f4 g4 30. Re1 Qf7 31. Rb1 Rg6 32. Re1 h5 33. Bxc4 dxc4 34. e4 Bb7
35. exf5 exf5 36. Nxb7 Qxb7 37. Re8+ Kf7 38. Qe3 Qd7 39. Re5 Rd6 40. d5 Kf6 41.
Qd4 Kf7 42. Qd1 1/2-1/2

[Event "SenSommer"]
[Site ""]
[Date "2012.08.23"]
[Round "2"]
[White "Srensen, Dick"]
[Black "Kjr, Jakob"]
[Result "1/2-1/2"]
[WhiteElo "1959"]
[BlackElo "1847"]
[PlyCount "34"]
[EventDate "2012.08.16"]
[EventRounds "1"]
[SourceDate "2012.08.19"]

1. Nf3 d5 2. d4 c6 3. g3 f5 4. Bg2 Nf6 5. O-O e6 6. c4 Bd6 7. b3 O-O 8. Qc2 Bd7
9. Nbd2 Be8 10. e3 Nbd7 11. a4 Ne4 12. Ba3 Ndf6 13. Bxd6 Qxd6 14. c5 Qc7 15.
Nxe4 Nxe4 16. Ne5 Nf6 17. a5 a6 1/2-1/2

[Event "SenSommer"]
[Site ""]
[Date "2012.08.23"]
[Round "2"]
[White "Tandrup, Michael"]
[Black "Willerup, Martin Kisby"]
[Result "1-0"]
[WhiteElo "1929"]
[BlackElo "1985"]
[PlyCount "77"]
[EventDate "2012.08.16"]
[EventRounds "1"]
[SourceDate "2012.08.19"]

1. c4 Nf6 2. g3 g6 3. Nc3 Bg7 4. Bg2 O-O 5. e4 d6 6. Nge2 c5 7. O-O Nc6 8. h3
a6 9. d3 Rb8 10. a4 Bd7 11. Be3 e5 12. Nd5 Nxd5 13. cxd5 Nb4 14. Nc3 b6 15. Na2
a5 16. Nxb4 axb4 17. b3 Ra8 18. Qd2 b5 19. axb5 Bxb5 20. Rfd1 Qe7 21. Bf1 Qb7
22. Bh6 Ra7 23. Bxg7 Kxg7 24. f4 f6 25. h4 Rxa1 26. Rxa1 Ra8 27. Rxa8 Qxa8 28.
fxe5 fxe5 29. Qg5 Qf8 30. h5 Qf6 31. Qxf6+ Kxf6 32. hxg6 Ba4 33. gxh7 Kg7 34.
d4 Bxb3 35. dxc5 dxc5 36. Bb5 c4 37. d6 c3 38. d7 c2 39. h8=Q+ 1-0

[Event "SenSommer"]
[Site ""]
[Date "2012.08.27"]
[Round "2"]
[White "Jensen, Sren Holm"]
[Black "Kirknel, Thomas"]
[Result "0-1"]
[WhiteElo "1923"]
[BlackElo "2139"]
[PlyCount "136"]
[EventDate "2012.08.16"]
[EventRounds "1"]
[SourceDate "2012.08.19"]

1. e4 c5 2. Nf3 Nc6 3. d4 cxd4 4. Nxd4 g6 5. c4 Bg7 6. Be3 d6 7. Nc3 Qb6 8. Nb3
Bxc3+ 9. bxc3 Qc7 10. Be2 b6 11. f4 Nf6 12. Bf3 Bb7 13. O-O O-O 14. Qe2 Rac8
15. Rfe1 Nd8 16. Nd2 Ba6 17. Rad1 Ne6 18. f5 Nc5 19. Bd4 Nfd7 20. e5 dxe5 21.
Bxe5 Nxe5 22. Qxe5 Nd3 23. Qxc7 Rxc7 24. Re3 Nb2 25. Rde1 Rd8 26. Bd5 Kf8 27.
Rh3 Kg7 28. Rhe3 Rdd7 29. Rb1 Nxc4 30. Bxc4 Bxc4 31. Nxc4 Rxc4 32. Rb5 Rd2 33.
Rbe5 Ra4 34. Re2 Rxe2 35. Rxe2 gxf5 36. Rxe7 Rxa2 37. Rb7 f4 38. c4 Kg6 39. Rc7
h5 40. c5 bxc5 41. Rxc5 a5 42. Rc7 a4 43. Ra7 h4 44. h3 f6 45. Ra5 a3 46. Kf1
f5 47. Ra6+ Kg5 48. Ra4 Ra1+ 49. Kf2 a2 50. Ra6 f3 51. Ra4 Kf6 52. Ra5 Ke6 53.
Ra6+ Kd5 54. Ra8 f4 55. Ra5+ Kc4 56. Ra4+ Kb3 57. Ra8 fxg2 58. Kxg2 f3+ 59.
Kxf3 Rf1+ 60. Kg4 a1=Q 61. Rxa1 Rxa1 62. Kxh4 Rg1 63. Kh5 Kc4 64. h4 Kd5 65.
Kh6 Ke6 66. h5 Kf7 67. Kh7 Rg2 68. h6 Rh2 0-1

[Event "SenSommer"]
[Site ""]
[Date "2012.08.23"]
[Round "2"]
[White "Olsen, Michael Richard W"]
[Black "Andersen, Niels Erik"]
[Result "0-1"]
[WhiteElo "1847"]
[BlackElo "1928"]
[PlyCount "44"]
[EventDate "2012.08.16"]
[EventRounds "1"]
[SourceDate "2012.08.19"]

1. a3 g6 2. c3 Bg7 3. d3 d5 4. e3 c5 5. h3 Nc6 6. Nd2 Nf6 7. Qc2 O-O 8. Be2 e5
9. Rb1 Be6 10. b4 cxb4 11. axb4 a6 12. Ba3 Re8 13. g4 d4 14. e4 dxc3 15. Ndf3
Rc8 16. Bd1 Nd4 17. Nxd4 exd4 18. Nf3 Nxe4 19. dxe4 d3 20. Qa4 c2 21. Bxc2 dxc2
22. Rc1 Qd3 0-1

[Event "SenSommer"]
[Site ""]
[Date "2012.08.30"]
[Round "3"]
[White "Andersen, Niels Erik"]
[Black "Srensen, Dick"]
[Result "0-1"]
[WhiteElo "1928"]
[BlackElo "1959"]
[PlyCount "56"]
[EventDate "2012.08.16"]
[EventRounds "1"]
[SourceDate "2012.08.19"]

1. d4 d5 2. c4 e6 3. Nc3 f5 4. e3 Nf6 5. Bd3 c6 6. Qc2 Ne4 7. Nf3 Bd6 8. O-O
Nd7 9. cxd5 exd5 10. a3 O-O 11. b4 Qe8 12. Ne2 a6 13. Qb3 Kh8 14. Ne1 Qh5 15.
Nf4 Qh6 16. g3 g5 17. Ne2 Qh3 18. Nf3 Ndf6 19. Qc2 Ng4 20. Bd2 Rf6 21. Bc3 Rh6
22. Rfc1 Nxh2 23. Bxe4 fxe4 24. Nxh2 Qxh2+ 25. Kf1 Bh3+ 26. Ke1 Rf8 27. Kd2
Rxf2 28. Re1 Bg4 0-1

[Event "SenSommer"]
[Site ""]
[Date "2012.08.30"]
[Round "3"]
[White "Kirknel, Thomas"]
[Black "Olsen, Michael Richard W"]
[Result "1-0"]
[WhiteElo "2139"]
[BlackElo "1847"]
[PlyCount "59"]
[EventDate "2012.08.16"]
[EventRounds "1"]
[SourceDate "2012.08.19"]

1. e4 e6 2. d4 d5 3. Nc3 dxe4 4. Nxe4 c6 5. Nf3 h6 6. Bd3 Nd7 7. O-O Ndf6 8. c4
Nxe4 9. Bxe4 Nf6 10. Bc2 Bd6 11. Qd3 Qc7 12. Re1 Kf8 13. Bd2 b6 14. Bc3 Ba6 15.
Ne5 Bxe5 16. dxe5 Nd5 17. Bd2 Ne7 18. Rad1 Rd8 19. Qe4 c5 20. Bc3 Rc8 21. Qf4
f5 22. h4 g6 23. Rd6 Kf7 24. Red1 Rce8 25. Rd7 Qb8 26. g4 Bc8 27. gxf5 gxf5 28.
Bxf5 Bxd7 29. Bxe6+ Kg6 30. Qf7# 1-0

[Event "SenSommer"]
[Site ""]
[Date "2012.09.11"]
[Round "3"]
[White "Kjr, Jakob"]
[Black "Tandrup, Michael"]
[Result "1-0"]
[WhiteElo "1847"]
[BlackElo "1929"]
[PlyCount "109"]
[EventDate "2012.08.16"]
[EventRounds "1"]
[SourceDate "2012.08.19"]

1. Nf3 Nf6 2. c4 g6 3. b4 Bg7 4. Bb2 O-O 5. g3 b6 6. Bg2 Bb7 7. d4 d5 8. c5 a5
9. b5 bxc5 10. dxc5 c6 11. a4 Nbd7 12. bxc6 Bxc6 13. Nd4 Qc7 14. Nc3 Rab8 15.
Ba3 Ne4 16. Nxe4 dxe4 17. Rc1 Rfd8 18. Nxc6 Qxc6 19. Qc2 f5 20. O-O Ne5 21. Kh1
Rd4 22. Rb1 Rxb1 23. Rxb1 Qxa4 24. Qxa4 Rxa4 25. Bc1 Rc4 26. Ba3 Ra4 27. Bc1
Nc6 28. f3 Rc4 29. fxe4 fxe4 30. Bh3 Kf7 31. Ba3 Bd4 32. Bd7 Bxc5 33. Bxc6 Ke6
34. Bxc5 Rxc5 35. Bxe4 Ke5 36. Bd3 Kd4 37. Kg2 Ke3 38. Ra1 e5 39. Ra4 Kd2 40.
Kf3 Kc3 41. Rh4 Rc7 42. Bb5 Kb3 43. Re4 Rc5 44. Ba4+ Ka3 45. Kg4 Rd5 46. Kg5
Rc5 47. Kh6 Rc7 48. Bb5 Rc5 49. Be8 Kb3 50. Kxh7 Rc7+ 51. Kxg6 Re7 52. Bb5 Rb7
53. Rxe5 a4 54. Bxa4+ Kxa4 55. h4 1-0

[Event "SenSommer"]
[Site ""]
[Date "2012.09.06"]
[Round "4"]
[White "Srensen, Dick"]
[Black "Tandrup, Michael"]
[Result "1/2-1/2"]
[WhiteElo "1959"]
[BlackElo "1929"]
[PlyCount "22"]
[EventDate "2012.08.16"]
[EventRounds "1"]
[SourceDate "2012.08.19"]

1. d4 Nf6 2. Nf3 e6 3. c4 b6 4. g3 Ba6 5. Qc2 Bb4+ 6. Bd2 Be7 7. Bg2 Bb7 8. Nc3
d5 9. cxd5 exd5 10. O-O O-O 11. Bg5 h6 1/2-1/2

[Event "SenSommer"]
[Site ""]
[Date "2012.09.06"]
[Round "4"]
[White "Jensen, Sren Holm"]
[Black "Kjr, Jakob"]
[Result "1/2-1/2"]
[WhiteElo "1923"]
[BlackElo "1847"]
[PlyCount "30"]
[EventDate "2012.08.16"]
[EventRounds "1"]
[SourceDate "2012.08.19"]

1. e4 d5 2. exd5 Qxd5 3. Nc3 Qa5 4. d4 Nf6 5. Nf3 Bg4 6. h3 Bxf3 7. Qxf3 c6 8.
Bd2 e6 9. Ne4 Qd8 10. Nxf6+ Qxf6 11. Qxf6 gxf6 12. Be3 Nd7 13. O-O-O O-O-O 14.
Be2 h5 15. g3 Bh6 1/2-1/2

[Event "SenSommer"]
[Site ""]
[Date "2012.09.06"]
[Round "4"]
[White "Olsen, Michael Richard W"]
[Black "Willerup, Martin Kisby"]
[Result "1-0"]
[WhiteElo "1847"]
[BlackElo "1985"]
[PlyCount "103"]
[EventDate "2012.08.16"]
[EventRounds "1"]
[SourceDate "2012.08.19"]

1. e4 c5 2. b3 Nf6 3. e5 Nd5 4. c4 Nc7 5. Nf3 Nc6 6. Bb2 Ne6 7. g3 g6 8. Nc3
Bg7 9. Bg2 Nxe5 10. Nxe5 Bxe5 11. O-O O-O 12. f4 Bd4+ 13. Kh1 Ng7 14. g4 d6 15.
Qf3 Rb8 16. Rab1 Bd7 17. Qg3 f5 18. h3 a6 19. Rbe1 e6 20. Bc1 Qc7 21. Ne2 fxg4
22. hxg4 Bf6 23. d3 b5 24. Be4 Bc6 25. Qf3 Bxe4 26. dxe4 bxc4 27. bxc4 Rb4 28.
Qd3 Bb2 29. Bd2 Rb6 30. Ba5 Qc6 31. Bxb6 Qxb6 32. Rb1 Rb8 33. Nc3 Qd8 34. Kg2
Rb4 35. Nd1 Qf6 36. Rxb2 Rxb2+ 37. Nxb2 Qxb2+ 38. Rf2 Qb8 39. Rd2 Ne8 40. Qb3
Qa8 41. Qf3 Qb8 42. Rf2 Ng7 43. f5 gxf5 44. exf5 exf5 45. gxf5 Qd8 46. f6 Ne6
47. Qg4+ Kf7 48. Qh5+ Kg8 49. Qh6 Kh8 50. f7 Nf8 51. Re2 Qc8 52. Qf6# 1-0

[Event "SenSommer"]
[Site ""]
[Date "2012.09.06"]
[Round "4"]
[White "Andersen, Niels Erik"]
[Black "Kirknel, Thomas"]
[Result "0-1"]
[WhiteElo "1928"]
[BlackElo "2139"]
[PlyCount "92"]
[EventDate "2012.08.16"]
[EventRounds "1"]
[SourceDate "2012.08.19"]

1. d4 Nf6 2. c4 e6 3. g3 d5 4. Bg2 c5 5. Nf3 Nc6 6. O-O dxc4 7. Qa4 Bd7 8. Qxc4
b5 9. Qd3 Rc8 10. dxc5 Bxc5 11. Bg5 Nb4 12. Qd1 Nc2 13. Ne5 Nxa1 14. Nc3 Nc2
15. Nxd7 Qxd7 16. Qxc2 Be7 17. Rd1 Qc7 18. Qb3 a6 19. Rc1 Qb8 20. Rd1 O-O 21.
Bf4 Qa7 22. Bh3 Bc5 23. e3 Rfd8 24. Re1 Nd5 25. Bg5 Be7 26. Nxd5 Rxd5 27. Bf4
Qd7 28. a3 Rd3 29. Qa2 Rc2 30. Qb1 Rdd2 31. Rf1 Rxb2 32. Qe4 Qd5 33. Qxd5 Rxd5
34. Rc1 Ra2 35. Rc8+ Rd8 36. Rc6 Rxa3 37. Rb6 Kf8 38. Bf1 Rd1 39. Kg2 Ra2 40.
e4 Bc5 41. Rb8+ Ke7 42. Rb7+ Kf6 43. e5+ Kg6 44. h4 Rxf2+ 45. Kh3 Rdxf1 46. Kg4
h5+ 0-1

[Event "SenSommer"]
[Site ""]
[Date "2012.09.13"]
[Round "5"]
[White "Kirknel, Thomas"]
[Black "Srensen, Dick"]
[Result "0-1"]
[WhiteElo "2139"]
[BlackElo "1959"]
[PlyCount "76"]
[EventDate "2012.08.16"]
[EventRounds "1"]
[SourceDate "2012.08.19"]

1. e4 g6 2. d4 Bg7 3. Nf3 d6 4. Nc3 Nf6 5. Be2 O-O 6. O-O c6 7. h3 b5 8. e5
Nfd7 9. exd6 exd6 10. d5 Ne5 11. dxc6 a6 12. a4 bxa4 13. c7 Qxc7 14. Nd5 Qb7
15. Rxa4 Nbc6 16. b3 Be6 17. Be3 a5 18. Qd2 f6 19. Nf4 Bf7 20. Qxd6 Rfd8 21.
Qa3 Rac8 22. Rd1 Rxd1+ 23. Bxd1 g5 24. Nxe5 Nxe5 25. Nd3 Nxd3 26. cxd3 Bd5 27.
Rxa5 Bf8 28. Qb2 Bb4 29. Ra7 Qc6 30. f3 Bc5 31. Bxc5 Qxc5+ 32. Qf2 Qc1 33. Qe1
Qc5+ 34. Qf2 Qc1 35. Qd4 Qxd1+ 36. Kh2 Qxb3 37. Qxf6 Qb8+ 38. Kh1 Rc1# 0-1

[Event "SenSommer"]
[Site ""]
[Date "2012.09.13"]
[Round "5"]
[White "Willerup, Martin Kisby"]
[Black "Andersen, Niels Erik"]
[Result "1/2-1/2"]
[WhiteElo "1985"]
[BlackElo "1928"]
[PlyCount "61"]
[EventDate "2012.08.16"]
[EventRounds "1"]
[SourceDate "2012.08.19"]

1. d4 Nf6 2. c4 g6 3. Nc3 d5 4. cxd5 Nxd5 5. e4 Nxc3 6. bxc3 Bg7 7. Nf3 O-O 8.
Be2 c5 9. d5 Bxc3+ 10. Bd2 Bg7 11. h4 e6 12. Bc4 exd5 13. Bxd5 Nc6 14. h5 Be6
15. hxg6 Bxd5 16. exd5 Qxd5 17. gxh7+ Kh8 18. Be3 Nd4 19. Nxd4 cxd4 20. Bh6
Rae8+ 21. Kf1 Re6 22. Bxg7+ Kxg7 23. Rh5 Qe4 24. Rc1 Rg6 25. f3 Qe3 26. Rc4 Rd6
27. Rh4 Rfd8 28. Re4 Qh6 29. Rg4+ Kh8 30. Qd3 Re6 31. Rg8+ 1/2-1/2

[Event "SenSommer"]
[Site ""]
[Date "2012.09.13"]
[Round "5"]
[White "Kjr, Jakob"]
[Black "Olsen, Michael Richard W"]
[Result "1-0"]
[WhiteElo "1847"]
[BlackElo "1847"]
[PlyCount "69"]
[EventDate "2012.08.16"]
[EventRounds "1"]
[SourceDate "2012.08.19"]

1. Nf3 d5 2. c4 dxc4 3. Qa4+ Bd7 4. Qxc4 Nc6 5. g3 Nf6 6. Bg2 e6 7. a3 Na5 8.
Qc2 c5 9. d3 Nc6 10. Nc3 Be7 11. O-O O-O 12. Bf4 Nd5 13. Nxd5 exd5 14. Bd2 a5
15. e3 Be6 16. d4 b6 17. Bc3 c4 18. Ne5 Nxe5 19. dxe5 Bc5 20. Rad1 a4 21. Bd4
Qc7 22. f4 Rad8 23. f5 Bc8 24. f6 g5 25. Qd2 h6 26. h4 Kh7 27. Qc2+ Kh8 28.
hxg5 Rg8 29. Kf2 Rxg5 30. Rh1 h5 31. Bf3 Rf5 32. Qxf5 Bxf5 33. Rxh5+ Bh7 34.
Rdh1 Rg8 35. Rxh7# 1-0

[Event "SenSommer"]
[Site ""]
[Date "2012.09.13"]
[Round "5"]
[White "Tandrup, Michael"]
[Black "Jensen, Sren Holm"]
[Result "1/2-1/2"]
[WhiteElo "1929"]
[BlackElo "1923"]
[PlyCount "83"]
[EventDate "2012.08.16"]
[EventRounds "1"]
[SourceDate "2012.08.19"]

1. c4 Nf6 2. g3 e6 3. Bg2 d5 4. d4 dxc4 5. Nf3 Bd7 6. Ne5 Bc6 7. Nxc6 Nxc6 8.
Qa4 Qd7 9. Qxc4 Nxd4 10. e3 Nc6 11. O-O Qd6 12. Nc3 Qc5 13. Qe2 Be7 14. Bd2 a6
15. Rac1 O-O 16. Nd5 Qd6 17. Nxe7+ Nxe7 18. Rfd1 c6 19. Bc3 Qc7 20. Bxf6 gxf6
21. Qg4+ Ng6 22. h4 Rfd8 23. h5 f5 24. Qc4 Nf8 25. Qh4 Rxd1+ 26. Rxd1 Qe5 27.
e4 fxe4 28. Bxe4 f5 29. Bc2 Qg7 30. Bb3 Re8 31. Rd6 h6 32. Rd8 Rxd8 33. Qxd8
Qf7 34. Qd6 Kg7 35. Qe5+ Qf6 36. Qc7+ Qf7 37. Qe5+ Kh7 38. Kg2 Qg7 39. Qd6 Kh8
40. Qd8 Kh7 41. Qd6 Qf7 42. Qd8 1/2-1/2

[Event "SenSommer"]
[Site ""]
[Date "2012.09.20"]
[Round "6"]
[White "Andersen, Niels Erik"]
[Black "Kjr, Jakob"]
[Result "1-0"]
[WhiteElo "1928"]
[BlackElo "1847"]
[PlyCount "85"]
[EventDate "2012.08.16"]
[EventRounds "1"]
[SourceDate "2012.08.19"]

1. d4 Nf6 2. c4 e5 3. dxe5 Ng4 4. Nf3 Nc6 5. e3 Ngxe5 6. Nxe5 Nxe5 7. Nc3 d6 8.
Be2 Be6 9. b3 Be7 10. O-O O-O 11. f4 Nc6 12. Bb2 Qd7 13. Bf3 f5 14. Qe2 Bf6 15.
Rad1 Qe7 16. Bd5 Bxc3 17. Bxc3 Rae8 18. Rf3 Nd8 19. Rg3 g6 20. Ba1 Kf7 21. Qh5
Rg8 22. Qxh7+ Kf8 23. Qh6+ Kf7 24. Bf3 Qf8 25. Qh7+ Rg7 26. Bxg7 Qxg7 27. Qxg7+
Kxg7 28. e4 Kf6 29. e5+ dxe5 30. fxe5+ Kf7 31. Bd5 Re7 32. Rh3 Kg7 33. Rhd3 Kf7
34. Bxe6+ Nxe6 35. Rd7 Nc5 36. Rxe7+ Kxe7 37. Kf2 Ke6 38. Ke3 Ne4 39. g4 Nc3
40. gxf5+ Kxf5 41. Rd7 b5 42. Rxc7 Kxe5 43. Rxa7 1-0

[Event "SenSommer"]
[Site ""]
[Date "2012.09.18"]
[Round "7"]
[White "Kjr, Jakob"]
[Black "Kirknel, Thomas"]
[Result "0-1"]
[WhiteElo "1847"]
[BlackElo "2139"]
[PlyCount "68"]
[EventDate "2012.??.??"]

1. Nf3 c5 2. c4 Nc6 3. g3 e5 4. d3 Nf6 5. Nc3 Be7 6. Bg2 O-O 7. O-O d6 8. a3 h6
9. Rb1 a5 10. Bd2 Be6 11. Ne1 d5 12. cxd5 Nxd5 13. Nc2 Rc8 14. Nxd5 Bxd5 15.
Bxd5 Qxd5 16. Ne3 Qd8 17. Nf5 Bg5 18. Bxg5 Qxg5 19. Nd6 Rb8 20. Rc1 b6 21. Nb5
Rfd8 22. Rc4 Rd7 23. Qc1 Qf6 24. Re4 Rbd8 25. f4 exf4 26. Rfxf4 Qg5 27. Qe3 Qd5
28. Rg4 Kh7 29. Re8 Rxe8 30. Qxe8 Re7 31. Qf8 f5 32. Nc3 Qd7 33. Rf4 Nd4 34. e4
Re8 0-1

[Event "SenSommer"]
[Site ""]
[Date "2012.09.27"]
[Round "7"]
[White "Tandrup, Michael"]
[Black "Andersen, Niels Erik"]
[Result "1-0"]
[WhiteElo "1929"]
[BlackElo "1928"]
[PlyCount "93"]
[EventDate "2012.08.16"]
[EventRounds "1"]
[SourceDate "2012.08.19"]

1. c4 Nf6 2. Nf3 g6 3. g3 Bg7 4. Bg2 c5 5. O-O O-O 6. Nc3 Nc6 7. e4 d6 8. d3
Bg4 9. h3 Be6 10. a3 Qc8 11. Kh2 Rb8 12. Rb1 a6 13. b4 cxb4 14. axb4 Ng4+ 15.
hxg4 Bxc3 16. b5 axb5 17. cxb5 Ne5 18. Nxe5 Bxe5 19. Bh6 Bg7 20. Bxg7 Kxg7 21.
g5 Ra8 22. d4 Qc4 23. Qd2 Ra2 24. Rb2 Rxb2 25. Qxb2 Qb3 26. Qxb3 Bxb3 27. Rc1
Rb8 28. Rc7 Kf8 29. b6 Ke8 30. Bf1 Ba4 31. f4 Kd8 32. Bh3 Bb5 33. d5 Bd3 34. e5
Be4 35. exd6 Bxd5 36. Rd7+ Ke8 37. Rxe7+ Kf8 38. Rc7 Ra8 39. d7 Rd8 40. f5 gxf5
41. Bxf5 Ke7 42. g4 Be6 43. Rxb7 Rxd7 44. Rxd7+ Kxd7 45. Bxe6+ fxe6 46. Kg3 Kc6
47. Kf4 1-0

[Event "SenSommer"]
[Site ""]
[Date "2012.09.27"]
[Round "7"]
[White "Jensen, Sren Holm"]
[Black "Olsen, Michael Richard W"]
[Result "0-1"]
[WhiteElo "1923"]
[BlackElo "1847"]
[PlyCount "78"]
[EventDate "2012.08.16"]
[EventRounds "1"]
[SourceDate "2012.08.19"]

1. e4 e5 2. Nf3 Nc6 3. Bb5 d6 4. d4 exd4 5. Nxd4 Bd7 6. O-O Qf6 7. Bxc6 bxc6 8.
Nc3 Nh6 9. h3 Be7 10. Qd3 O-O 11. Bd2 Qg6 12. Rae1 c5 13. Nd5 Bd8 14. Ne2 f5
15. Nef4 Qf7 16. e5 dxe5 17. Rxe5 g5 18. Ne2 c6 19. Ndc3 c4 20. Qd6 Qg7 21. Ng3
Nf7 22. Qxd7 Nxe5 23. Qe6+ Kh8 24. Nxf5 Qf6 25. Qxf6+ Rxf6 26. Ng3 h6 27. Be3
Bb6 28. Nge4 Rff8 29. Nc5 Kh7 30. N3e4 Kg6 31. Re1 Rfd8 32. Kf1 Nd7 33. Ke2
Nxc5 34. Nxc5 Rd5 35. Ne4 Bxe3 36. Kxe3 Rb8 37. b3 Ra5 38. Ra1 cxb3 39. cxb3
Rxb3+ 0-1